| 000 | 01829 a2200289 4500 | ||
|---|---|---|---|
| 003 | Nust | ||
| 005 | 20220817130349.0 | ||
| 010 | _a 2004058936 | ||
| 020 | _a038723148X (alk. paper) | ||
| 040 | _cNust | ||
| 082 | 0 | 0 | _a621.3821,MOB |
| 245 | 1 | 0 |
_aMobile and wireless communication networks : _bIFIP TC6/WG6.8 Conference on Mobile and Wireless Communication Networks (MWCN 2004), October 25-27, 2004, Paris, France / _cedited by Elizabeth M. Belding-Royer, Khaldoun Al Agha, Guy Pujolle. |
| 260 |
_aNew York : _bSpringer, _c2005. |
||
| 300 |
_a508 p. : _bill. ; _c24 cm. |
||
| 490 | 1 |
_aInternational federation for Information Processing ; _v162 |
|
| 505 | _aUnderstanding the interactions (Page-1), Cross layer simulation and optimization for mobile (Page-13), Improving TCP performance (Page-23), TCP performances in a hybrid broadcast (Page-35), Handoff notification in wireless (Page-47), Integrated reconfiguration management for the support of end (Page-119), Optimization for pilot power (Page-191), Short term fairness of 802.11 (Page-263), Randomizes routing algorithms (Page-347), Space and time curvator (Page-419), Energy efficient reliable path (Page-485), Minimum power symmetric (Page-497). | ||
| 650 | 0 |
_aMobile communication systems _918556 |
|
| 650 | 0 | _aTelecommunication Engineering | |
| 700 | 1 |
_aAl Agha, Khaldoun. _997791 |
|
| 700 | 1 |
_aBelding-Royer, Elizabeth M. _997792 |
|
| 700 | 1 |
_aPujolle, G., _d1949- _997793 |
|
| 710 | 2 |
_aInternational Federation for Information Processing. _997794 |
|
| 830 | 0 |
_aInternational Federation for Information Processing (Series) ; _986778 |
|
| 856 | 4 | 2 |
_3Publisher description _uhttp://www.loc.gov/catdir/enhancements/fy0819/2004058936-d.html |
| 856 | 4 | 2 |
_3Table of contents only _uhttp://www.loc.gov/catdir/enhancements/fy0819/2004058936-t.html |
| 942 |
_cREF _2ddc |
||
| 999 |
_c175710 _d175710 |
||